|
|
|
|
| LEADER |
01347nam a2200361Ia 4500 |
| 001 |
EBC589866 |
| 003 |
MiAaPQ |
| 005 |
20200520144314.0 |
| 006 |
m o d | |
| 007 |
cr cn||||||||| |
| 008 |
100329s2010 flua sb 001 0 eng d |
| 010 |
|
|
|z 2010010004
|
| 020 |
|
|
|z 1439817561
|
| 020 |
|
|
|z 9781439817568
|
| 035 |
|
|
|a (MiAaPQ)EBC589866
|
| 035 |
|
|
|a (Au-PeEL)EBL589866
|
| 035 |
|
|
|a (CaPaEBR)ebr10417851
|
| 035 |
|
|
|a (CaONFJC)MIL290285
|
| 035 |
|
|
|a (OCoLC)670411983
|
| 040 |
|
|
|a MiAaPQ
|c MiAaPQ
|d MiAaPQ
|
| 050 |
|
4 |
|a HD30.2
|b .B455 2010
|
| 100 |
1 |
|
|a Bell, Steve,
|d 1960 Sept. 30-
|
| 245 |
1 |
0 |
|a Lean IT
|h [electronic resource] :
|b enabling and sustaining your lean transformation /
|c Steven C. Bell and Michael A. Orzen.
|
| 260 |
|
|
|a Boca Raton [Fla.] :
|b CRC Press,
|c c2010.
|
| 300 |
|
|
|a xix, 349 p. :
|b ill.
|
| 504 |
|
|
|a Includes bibliographical references and index.
|
| 533 |
|
|
|a Electronic reproduction. Ann Arbor, MI : ProQuest, 2015. Available via World Wide Web. Access may be limited to ProQuest affiliated libraries.
|
| 650 |
|
0 |
|a Information technology
|x Management.
|
| 650 |
|
0 |
|a Information resources management.
|
| 655 |
|
4 |
|a Electronic books.
|
| 700 |
1 |
|
|a Orzen, Michael A.
|
| 710 |
2 |
|
|a ProQuest (Firm)
|
| 856 |
4 |
0 |
|u https://ebookcentral.proquest.com/lib/matrademy/detail.action?docID=589866
|z Click to View
|